Electrocardiografia : (Registro nro. 22290)
[ vista simple ]
| 000 -LEADER | |
|---|---|
| fixed length control field | 01322nam a2200349 4500 |
| 001 - CONTROL NUMBER | |
| control field | 0000019864 |
| 003 - CONTROL NUMBER IDENTIFIER | |
| control field | CO-CtgCURN |
| 005 - DATE AND TIME OF LATEST TRANSACTION | |
| control field | 20250331185201.0 |
| 007 - PHYSICAL DESCRIPTION FIXED FIELD--GENERAL INFORMATION | |
| fixed length control field | ta |
| 008 - FIXED-LENGTH DATA ELEMENTS--GENERAL INFORMATION | |
| fixed length control field | 160627s2000 000 0 eng d |
| 020 ## - INTERNATIONAL STANDARD BOOK NUMBER | |
| International Standard Book Number | 9586554031 |
| 040 ## - CATALOGING SOURCE | |
| Original cataloging agency | CO-CtgCURN |
| Language of cataloging | spa |
| Transcribing agency | coctgcurn |
| 082 0# - DEWEY DECIMAL CLASSIFICATION NUMBER | |
| Classification number | 616.12 |
| Item number | R37e |
| 100 1# - MAIN ENTRY--PERSONAL NAME | |
| Personal name | Restrepo Restrepo, Nora. |
| 245 10 - TITLE STATEMENT | |
| Title | Electrocardiografia : |
| Remainder of title | principios basicos / |
| Statement of responsibility, etc. | Nora Restrepo Restrepo, Noyra Robledo Ortíz. |
| 250 ## - EDITION STATEMENT | |
| Edition statement | 2a ed. |
| 260 ## - PUBLICATION, DISTRIBUTION, ETC. | |
| Place of publication, distribution, etc. | Medellin : |
| Name of publisher, distributor, etc. | Universidad de Antioquia, |
| Date of publication, distribution, etc. | 2000. |
| 300 ## - PHYSICAL DESCRIPTION | |
| Extent | 239 p. |
| 336 ## - CONTENT TYPE | |
| Source | rdacontent |
| 337 ## - MEDIA TYPE | |
| Source | rdamedia |
| Media type term | sin mediacion |
| Media type code | n |
| 338 ## - CARRIER TYPE | |
| Source | rdacarrier |
| Carrier type term | volumen |
| Carrier type code | nc |
| 500 ## - GENERAL NOTE | |
| General note | Incluye indice. |
| 504 ## - BIBLIOGRAPHY, ETC. NOTE | |
| Bibliography, etc. note | Incluye bibliografia (p. 231-232) |
| 505 8# - FORMATTED CONTENTS NOTE | |
| Formatted contents note | La formacion a distancia.--El material de electrocardiografia.--Manejo y adminsitracion del material.--Análisis del electrocardiograma.--Bloqueos cardiacos.--Sindromes de preexcitacion y arritmias auriculares |
| 650 14 - SUBJECT ADDED ENTRY--TOPICAL TERM | |
| Topical term or geographic name entry element | Electrocardiografia. |
| 700 1# - ADDED ENTRY--PERSONAL NAME | |
| Personal name | Robledo Ortíz, Noyra. |
| 908 ## - PUT COMMAND PARAMETER (RLIN) | |
| Put command parameter | 160627 |
| 942 ## - ADDED ENTRY ELEMENTS (KOHA) | |
| Koha item type | Libros |
| Classification part | 616.12 |
| Item part | R37e |
| Source of classification or shelving scheme | Dewey Decimal Classification |
| Withdrawn status | Lost status | Source of classification or shelving scheme | Damaged status | Not for loan | Collection | Home library | Current library | Shelving location | Date acquired | Inventory number | Total checkouts | Full call number | Barcode | Date last seen | Copy number | Price effective from | Koha item type | Public note |
|---|---|---|---|---|---|---|---|---|---|---|---|---|---|---|---|---|---|---|
| Dewey Decimal Classification | General | Miguel Henríquez Emiliani | Miguel Henríquez Emiliani | General | 03/31/2025 | 009039 | 616.12 R37e | 009039 | 03/31/2025 | ej.1 | 03/31/2025 | Libros | 610-CIENME | |||||
| Dewey Decimal Classification | General | Miguel Henríquez Emiliani | Miguel Henríquez Emiliani | General | 03/31/2025 | 013276 | 616.12 R37e | 013276 | 03/31/2025 | ej.2 | 03/31/2025 | Libros | 610-CIENME | |||||
| Dewey Decimal Classification | General | Miguel Henríquez Emiliani | Miguel Henríquez Emiliani | General | 03/31/2025 | 013277 | 616.12 R37e | 013277 | 03/31/2025 | ej.3 | 03/31/2025 | Libros | 610-CIENME |